000 01742cam a22003255a 4500
999 _c27325
_d27296
005 20190404120902.0
008 151113t2017 nyua fr 001 0 eng d
020 _a9789814720953
020 _a981472095X
040 _aOU/DLC
_beng
_cOU
_dDLC
_dEG-ScBUE
_dEG-ScBUE
082 0 4 _a621.402
_bCEN
_222
100 1 _aÇengel, Yunus A.
245 1 0 _aFundamentals of thermal-fluid sciences /
_cYunus A. Cengel, John M. Cimbala, Robert H. Turner ; adapted by Mehmet Kanoglu.
246 3 0 _aThermal-fluid sciences
250 _a5th ed. in SI Units.
260 _aNew York :
_bMcGraw-Hill Education,
_cc.2017.
300 _axix, 1025 p. :
_bill. (col.) ;
_c27 cm.
500 _aIncludes QR code.
504 _aIncludes bibliographical references and index.
520 _aTHE FIFTH EDITION IN SI UNITS of Fundamentals of Thermal-Fluid Sciences presents a balanced coverage of thermodynamics, fluid mechanics, and heat transfer packaged in a manner suitable for use in introductory thermal sciences courses. By emphasizing the physics and underlying physical phenomena involved, the text gives students practical examples that allow development of an understanding of the theoretical underpinnings of thermal sciences. A special effort is made to help students develop an intuitive feel for underlying physical mechanisms of natural phenomena and to gain a mastery of solving practical problems that an engineer is likely to face in the real world.
650 7 _aThermodynamics.
_2BUEsh
650 7 _aHeat
_xTransmission.
_2BUEsh
650 7 _aFluid mechanics.
_2BUEsh
651 _2BUEsh
653 _bENGMEC
_cMarch2019
700 1 _aCimbala, John M.
700 1 _aTurner, Robert H.
700 1 _aKanoglu, Mehmet,
_eeditor.
942 _2ddc